000 00624nam a2200205 a 4500
001 23046
003 CO-ViMGA
008 141112s2004 ck r 000 u spa d
020 _a9788434222229
040 _aCO-ViMGA
_bspa
_cCO-ViMGA
082 0 4 _a683.082 G413m
100 1 _aGibert, Vicenc
_933143
245 1 0 _aMarqueterìa
260 _aEspaña :
_bParramòn
300 _a64p.
505 _aLa iniciacion , El oficio de marquetero, Analisis del material, La tecnica, Cortado de chapas, Acabado, La practica, Joyero, Paisaje, Atril
650 1 4 _aMARQUETERIA
650 1 4 _aTRABAJOS DE MADERA
_933144
942 _2ddc
_cBK
999 _c31327
_d31327